000
00298nam a22001337a 4500
008
210301b ||||| |||| 00| 0 eng d
020
_a
9781118390115
041
_a
eng
080
_2
4th
_a
070
100
_a
39
101
_a
MED
245
_a
Clinical Interviewing
_c
Flanagan,S.J
942
_2
udc
_c
BK
999
_c
55417
_d
55417